Statistics for 2024 NCAA Tournament Teams by Logo

Click here to take the quiz!

General Stats

  • This quiz has been taken 47 times
    (46 since last reset)
  • The average score is 53 of 64

Answer Stats

Answer% Correct
Oregon
100%
Tennessee
100%
Colorado
98%
North Carolina
98%
Duke
95%
Florida
95%
Illinois
95%
Kentucky
95%
Michigan State
95%
Wisconsin
95%
Auburn
93%
Baylor
93%
Connecticut
93%
Yale
93%
Alabama
90%
BYU
90%
Clemson
90%
Kansas
90%
Marquette
90%
NC State
90%
Nebraska
90%
Purdue
90%
South Carolina
90%
Texas
90%
Texas A&M
90%
Texas Tech
90%
Utah State
90%
Gonzaga
88%
Northwestern
88%
San Diego State
88%
TCU
88%
Arizona
86%
Creighton
86%
Houston
86%
James Maddison
86%
Mississippi State
86%
Washington State
86%
Western Kentucky
86%
Grand Canyon
83%
Saint Mary's
83%
Vermont
81%
Colorado State
79%
Dayton
79%
Florida Atlantic
79%
Oakland
79%
Grambling State
76%
McNeese
76%
Nevada
76%
Akron
74%
Colgate
74%
Long Beach State
74%
Stetson
74%
UAB
74%
Drake
71%
Samford
71%
Iowa State
69%
Saint Peter's
69%
South Dakota State
69%
Duquesne
64%
New Mexico State
62%
Charleston
57%
Morehead State
57%
Wagner
57%
Longwood
45%

Score Distribution

Percentile by Number Answered

Percent of People with Each Score

Your Score History

You have not taken this quiz since the last reset